Регионална библиотека "Любен Каравелов" - Русе

How to Teach English (Запис номер 82084)

MARC детайли
000 -Лидер
Контролно поле с фиксирана дължина 01117nam a2200337 c 4500
003 - Код на организацията, давaща контролен номер
Контролно поле BLK
005 - Дата и час на последна редакция
Контролно поле 20230522143553.0
008 - Елементи от данни с фиксирана дължина
fixed length control field 180408b bul|||||r ||||||| ||bul||
010 ## - Наследен системен номер
LC control number KNG00086604000
020 ## - Международен стандартен номер на книга ISBN
Международен стандартен номер на книга ISBN 0-582-297-96-6
-- издат.: Longman
040 ## - Източник на каталожния запис
Идентификатор на билиотеката - собственик на записа BLK
041 ## - Код за език
Код за езика на текст/звукозапис или на отделно заглавие Английски
Код за езика КДБФ Английски
080 ## - УДК
Текстов определител УДК Английски език
УДК код - определител по УДК 811.111
УДК определител (072)
УДК - код + определител 811.111(072)
100 1# - Редна дума - Автор
Автор Harmer, Jeremy
Авторска отговорност първи автор
R(LIN) 12416
139 ## - Редно поле
Редна дума Harmer, Jeremy
Авторски знак Harm - H 27
245 10 - Сведения за заглавието
Заглавие How to Teach English
Подзаглавни данни An introduction to the practice of English language teaching
Редно поле (дума) Jeremy Harmer.
257 ## - Страна на издаване
Страна на създаване/издаване Великобритания
260 ## - Област на издателските данни
-- Harlow
Име на издателя, разпространителя и проч. Longman
Година на издаване 1998
Печатница отпеч. в Малайзия
300 ## - Физическа характеристика
Страници 198 c.
Размери/Мащаб 24 cm
380 ## - Жанр
Жанр Езикознание. Филология
500 ## - Общи забележки
Забележка Index
590 ## - Забележки на библиотеката, притежаваща документа (RLIN)
Служебно ф
650 #4 - Допълнително описание по предмет – тема
Основно описание – тема или топоним Английски език - методика на преподаването
9 (RLIN) 241629
653 ## - Ключова дума – ненормативна
Ключова дума английски език
653 ## - Ключова дума – ненормативна
Ключова дума методика на преподаването
852 ## - Местоположение
Форматна сигнатура Цб 241999
856 4# - Електронен адрес и достъп
Електронен формат pdf - файл
Път до файла /url/
856 4# - Електронен адрес и достъп
Електронен формат pdf - файл
Път до файла /url/
942 ## - АРТИКУЛИ
Вид на библиотечния материал Книги
Скрит в OPAC Не
Koha issues (borrowed), all copies 2
944 ## - СЪЗДАВАНЕ И РЕДАКЦИЯ на ЗАПИСА
Създаване/Редакция Създаване
Дата на регистрацията/редакция 19.11.2008
Служител, извършил регистрацията/редакцията Геновева_Генчева
944 ## - СЪЗДАВАНЕ И РЕДАКЦИЯ на ЗАПИСА
Създаване/Редакция Редакция
Дата на регистрацията/редакция 25.11.2008
Служител, извършил регистрацията/редакцията
999 ## - СИСТЕМНИ КОНТРОЛНИ НОМЕРА
Koha biblionumber 82084
Koha biblioitemnumber 82084
Наличности
Код за отписване Код за изгубен артикул Код за повреда Коз за рестрикции Код за отдаване Артикулен № Име на библиотеката - собственик Име на библиотеката, в която се намира в момента Статус (Текущо местоположение) Дата на вписване в системата Местоположение - отдел Цена в лева Инвентарен номер Систематично азбучна сигнатура Баркод Номер на екземпляра Цена в евро Служебна бележка Служебен тип на артикула
  Не е изгубен Не е повреден без рестрикции заемане за дома 133209 Регионална библиотека "Любен Каравелов" Русе Регионална библиотека "Любен Каравелов" Русе ЧЧЗО - англ. ез. - Британски съвет 2008-11-20 ЧЧЗО - англ. ез. - Британски съвет 50.26 120000731668 Ч3 802.0(072)/Н 27 120000731668 1 25.70 Дост: Pk Вид: Ф N: 143 Дата: 07.11.2008 Дата инв: 18.03.2015 Бележки инв: Ч32015 Книги
Vip Innovations Ltd, Rousse, Bulgaria 2025